<?xml version="1.0" encoding="UTF-8"?>
<record
    xmlns:xsi="http://www.w3.org/2001/XMLSchema-instance"
    xsi:schemaLocation="http://www.loc.gov/MARC21/slim http://www.loc.gov/standards/marcxml/schema/MARC21slim.xsd"
    xmlns="http://www.loc.gov/MARC21/slim">

  <leader>00885nam a22002537a 4500</leader>
  <controlfield tag="005">20240207133234.0</controlfield>
  <controlfield tag="008">    nyua   a      000 1 eng  </controlfield>
  <datafield tag="020" ind1=" " ind2=" ">
    <subfield code="a">9780803740112</subfield>
  </datafield>
  <datafield tag="040" ind1=" " ind2=" ">
    <subfield code="a">RDA</subfield>
    <subfield code="b">eng</subfield>
    <subfield code="c">3228</subfield>
  </datafield>
  <datafield tag="082" ind1="0" ind2="0">
    <subfield code="a">EKF OHOR</subfield>
  </datafield>
  <datafield tag="100" ind1="1" ind2=" ">
    <subfield code="a">OHora, Zachariah,</subfield>
    <subfield code="e">author,</subfield>
    <subfield code="e">illustrator.</subfield>
    <subfield code="9">185863</subfield>
  </datafield>
  <datafield tag="245" ind1="1" ind2="0">
    <subfield code="a">My cousin Momo /</subfield>
    <subfield code="c">Zachariah OHora.</subfield>
  </datafield>
  <datafield tag="264" ind1=" " ind2="1">
    <subfield code="a">New York, New York :</subfield>
    <subfield code="b">Dial Books for Young Readers, an imprint of Penguin Group (USA) LLC,</subfield>
    <subfield code="c">[2015]</subfield>
  </datafield>
  <datafield tag="300" ind1=" " ind2=" ">
    <subfield code="a">1 volume (unpaged) :</subfield>
    <subfield code="b">color illustrations ;</subfield>
    <subfield code="c">28 cm</subfield>
  </datafield>
  <datafield tag="336" ind1=" " ind2=" ">
    <subfield code="a">text</subfield>
    <subfield code="b">txt</subfield>
    <subfield code="2">rdacontent</subfield>
  </datafield>
  <datafield tag="336" ind1=" " ind2=" ">
    <subfield code="a">still image</subfield>
    <subfield code="b">sti</subfield>
    <subfield code="2">rdacontent</subfield>
  </datafield>
  <datafield tag="337" ind1=" " ind2=" ">
    <subfield code="a">unmediated</subfield>
    <subfield code="b">n</subfield>
    <subfield code="2">rdamedia</subfield>
  </datafield>
  <datafield tag="338" ind1=" " ind2=" ">
    <subfield code="a">volume</subfield>
    <subfield code="b">nc</subfield>
    <subfield code="2">rdacarrier</subfield>
  </datafield>
  <datafield tag="650" ind1=" " ind2="1">
    <subfield code="a">Individuality</subfield>
    <subfield code="v">Fiction.</subfield>
    <subfield code="9">185864</subfield>
  </datafield>
  <datafield tag="650" ind1=" " ind2="1">
    <subfield code="a">Cousins</subfield>
    <subfield code="v">Fiction.</subfield>
    <subfield code="9">185865</subfield>
  </datafield>
  <datafield tag="650" ind1=" " ind2="1">
    <subfield code="a">Flying squirrels</subfield>
    <subfield code="v">Fiction.</subfield>
    <subfield code="9">185866</subfield>
  </datafield>
  <datafield tag="650" ind1=" " ind2="1">
    <subfield code="a">Squirrels</subfield>
    <subfield code="v">Fiction.</subfield>
    <subfield code="9">185867</subfield>
  </datafield>
  <datafield tag="942" ind1=" " ind2=" ">
    <subfield code="2">ddc</subfield>
    <subfield code="c">BOOK</subfield>
    <subfield code="w">169</subfield>
    <subfield code="x">Boniswa Ngcongolo</subfield>
    <subfield code="y">169</subfield>
    <subfield code="z">Boniswa Ngcongolo</subfield>
  </datafield>
  <datafield tag="999" ind1=" " ind2=" ">
    <subfield code="c">762155</subfield>
    <subfield code="d">762154</subfield>
  </datafield>
  <datafield tag="952" ind1=" " ind2=" ">
    <subfield code="0">0</subfield>
    <subfield code="1">0</subfield>
    <subfield code="2">ddc</subfield>
    <subfield code="4">0</subfield>
    <subfield code="7">0</subfield>
    <subfield code="8">F</subfield>
    <subfield code="a">ERMEL</subfield>
    <subfield code="b">KHULL</subfield>
    <subfield code="c">CHILD</subfield>
    <subfield code="d">2024-02-07</subfield>
    <subfield code="l">0</subfield>
    <subfield code="o">EKF OHOR</subfield>
    <subfield code="p">3322803176421</subfield>
    <subfield code="r">2024-02-07</subfield>
    <subfield code="w">2024-02-07</subfield>
    <subfield code="y">BOOK</subfield>
  </datafield>
  <datafield tag="952" ind1=" " ind2=" ">
    <subfield code="0">0</subfield>
    <subfield code="1">0</subfield>
    <subfield code="2">ddc</subfield>
    <subfield code="4">0</subfield>
    <subfield code="7">0</subfield>
    <subfield code="8">F</subfield>
    <subfield code="a">MKHWL</subfield>
    <subfield code="b">MKHWL</subfield>
    <subfield code="c">GEN</subfield>
    <subfield code="d">2025-02-13</subfield>
    <subfield code="g">55.00</subfield>
    <subfield code="l">0</subfield>
    <subfield code="o">EKF OHOR</subfield>
    <subfield code="p">3322803175020</subfield>
    <subfield code="r">2025-02-13</subfield>
    <subfield code="w">2025-02-13</subfield>
    <subfield code="y">BOOK</subfield>
  </datafield>
</record>
